| 000 -LEADER |
| fixed length control field |
00588nam a22002177a 4500 |
| 008 - FIXED-LENGTH DATA ELEMENTS--GENERAL INFORMATION |
| fixed length control field |
150602b xxu||||| |||| 00| 0 eng d |
| 020 ## - INTERNATIONAL STANDARD BOOK NUMBER |
| International Standard Book Number |
0618372296 |
| 020 ## - INTERNATIONAL STANDARD BOOK NUMBER |
| International Standard Book Number |
061837230X |
| 041 0# - LANGUAGE CODE |
| Language code of text/sound track or separate title |
eng |
| 080 ## - UNIVERSAL DECIMAL CLASSIFICATION NUMBER |
| Universal Decimal Classification number |
331 |
| 100 1# - Rafti |
| Rafti |
Pride, William M., |
| 245 10 - TITLE STATEMENT |
| Title |
Business / |
| Statement of responsibility, etc |
William M. Pride, Robert J. Hughes, Jack R. Kapoor. |
| 250 ## - |
| -- |
8th ed. |
| 260 ## - |
| -- |
Boston : |
| -- |
Houghton Mifflin Co., |
| -- |
2005. |
| 300 ## - |
| -- |
667, [95] f. |
| -- |
me il.; |
| -- |
28 cm. |
| 650 #0 - |
| -- |
Organizimi |
| 650 #0 - |
| -- |
Industrial |
| 700 1# - |
| -- |
Hughes, Robert James, |
| 700 1# - |
| -- |
Kapoor, Jack R., |
| 942 ## - ADDED ENTRY ELEMENTS (KOHA) |
| Source of classification or shelving scheme |
|
| Item type |
Books |